Football: meilleurs buteurs du championnat de France,palmares/nation - Statistiques

Statistiques générales
  • Ce quiz a été pris 187 fois
  • Le résultat moyen est 9 sur 16
Statistiques - réponses
Réponse % Correct
France
100%
Brésil
87%
Argentine
81%
Allemagne
76%
Portugal
74%
Suède
74%
Uruguay
68%
Algérie
61%
Sénégal
61%
Suisse
46%
Côte d'Ivoire
39%
Yougoslavie
24%
Croatie
23%
RD Congo
23%
Hongrie
14%
Tchécoslovaquie
8%
Aucun quiz correspondant
Distribution des résultats
% des personnes avec chaque résultat
Percentile par nombre de réponses
Votre historique - résultats
Vous n’avez pas pris ce quiz